| 000 | 01742nam0a2200301 4500 | ||
|---|---|---|---|
| 001 | RU\NLR\BIBL_A\011493858 | ||
| 005 | 20260408072726.0 | ||
| 035 | _a(NLR Aleph) 011493858 | ||
| 090 |
_a11960146 _c11960146 |
||
| 100 | _a20171011d1977 |||y0rusy50 ca | ||
| 101 | 0 | _arus | |
| 102 | _aRU | ||
| 105 | _ay z 000zy | ||
| 200 | 1 |
_aИсследование световой и цветовой чувствительности зрительного анализатора при проведении профилактических медицинских осмотров рабочих, подвергающихся воздействию производственных ядов _eметод. рекомендации _fМ-во здравоохранения УССР _g[разраб. профессорами Р.Д. Габовичем и Т.В. Шлопак, О.М. Жуковским, доц. И.И. Швайко] |
|
| 210 |
_aКиев _c[б. и.] _d1977 |
||
| 215 |
_a15 с. _d19 |
||
| 606 | 1 |
_aЗрительный анализатор _jМетодические пособия _xПатология при профессиональных отравлениях _xИсследование _92341697 _3RU\NLR\AUTH\6601623149 |
|
| 686 | 1 | _aР670.2-4я8 | |
| 686 | 1 | _aР419.4,7-267я8 | |
| 686 | 1 | _aР11(2)712.0я8 | |
| 702 | 1 |
_aГабович _bР.Д. _f1909- _gРафаил Давидович |
|
| 712 | 0 | 1 |
_4570 _aУССР _bМинистерство здравоохранения _3RU\NLR\AUTH\8810062839 _9627233 |
| 852 |
_aNLR _j77-4/23261 |
||
| 942 | _cBOOK | ||
| 980 | _aNB | ||